| 000 | 00000nas 2200000za 4500 |
| 001 | 9.501513 |
| 003 | CaOODSP |
| 005 | 20221107133004 |
| 007 | cr ||||||||||| |
| 008 | 150406d20062008onc x p o f0 b0fre|d |
| 022 | |a1911-8325 |
| 040 | |aCaOODSP|bfre |
| 043 | |an-cn--- |
| 086 | 1 |aH20-2F-PDF|zH20-2/1-2006F-PDF|zH20-2/2-2006F-PDF|zH20-2/3-2007F-PDF|zH20-2/4-2007F-PDF |
| 245 | 00|aConnexion |h[ressource électronique] : |bressources humaines en santé / |crédigé par la Division des stratégies en matière de ressources humaines en santé (DSMRHS), Direction des politiques de soins de santé. |
| 260 | |a[Ottawa] : |bSanté Canada, |c2006-2008. |
| 310 | |aIrrégulier |
| 362 | 0 |aAoût 2006 (no. 1)-mai 2008. |
| 500 | |aL'ISSN (1911-8309) de l'édition en anglais a été incorrectement imprimé dans l'édition en français. |
| 500 | |aPubl. aussi en anglais sous le titre : Health human resource connection. |
| 692 | 07|2gccst|aHealth promotion |
| 710 | 1 |aCanada. |bSanté Canada. |
| 775 | 08|tHealth human resource connection |w(CaOODSP)9.505112 |